000 01271naa a2200337 c 4500
001 49198
999 _c49198
_d49198
003 ES-MaCES
005 20170412135310.0
008 170412s2017 uk ||||| t||||||| ||eng d
040 _aES-MaCES
_bspa
_cES-MaCES
_dES-MaCES
100 1 _938035
_aLópez Villavicencio, Antonia
245 1 4 _aThe wage inflation-unemployment curve at the macroeconomic level
_cAntonia López-Villavicencio, Sophie Saglio
500 _aResumen
504 _aBibliografía: p. 77-78
650 4 _928387
_asalario
650 4 _927108
_aingreso
650 4 _928390
_asistema de remuneración
650 4 _928097
_ainflación
650 4 _928308
_adesempleo
650 4 _929499
_acurva de Phillips
650 4 _927067
_amacroeconomía
650 4 _927069
_aeconometría
650 4 _929432
_amodelo matemático
650 4 _929055
_apaís de la OCDE
650 4 _938036
_a1985-2014
653 1 0 _aEconomía
700 1 _923008
_aSaglio, Sophie
773 0 _985782
_dOxford (Cowley Road, 108, OX4 1JF) Cambridge (Main Street,238, Suite 501, MA 02142) Blackwell
_o088680
_tOxford bulletin of Economics and Statistics
_w(ES-MaCES)25201
_gvol. 79, no 1 (Feb. 2017) {10185 R. 088680} ;p. 55-78
902 _aART Artículo de revista
942 _2CES
_cAR
_h0.0.